Observatorio de recursos humanos en salud en Costa Rica: avances y perspectivas /
Se hace una síntesis de la disponibilidad de los recursos humanos en el sector salud en Costa Rica, enfatizando en seis áreas diferentes, en donde la formación académica (pública y privada), los vínculos de trabajo, el desempeño y productividad personal, las remuneraciones, salarios e ingresos (el p...
保存先:
| 第一著者: | |
|---|---|
| 共著者: | , |
| その他の著者: | |
| フォーマット: | テキスト |
| 出版事項: |
San José:
MSP. CCSS. OPS
|
| 主題: | |
| タグ: |
タグ追加
タグなし, このレコードへの初めてのタグを付けませんか!
|
MARC
| LEADER | 00000 a a2200000 04500 | ||
|---|---|---|---|
| 001 | 22095 | ||
| 003 | |||
| 040 | |||
| 090 | |a 146901 | ||
| 100 | |a Barahona Herrera, Rodrigo A | ||
| 110 | |a Costa Rica. Ministerio de Salud | ||
| 245 | |a Observatorio de recursos humanos en salud en Costa Rica: avances y perspectivas / |c Costa Rica. Ministerio de Salud | ||
| 260 | |a San José: |b MSP. CCSS. OPS | ||
| 300 | |a vi, 158 p. |b **no definido** | ||
| 520 | |a Se hace una síntesis de la disponibilidad de los recursos humanos en el sector salud en Costa Rica, enfatizando en seis áreas diferentes, en donde la formación académica (pública y privada), los vínculos de trabajo, el desempeño y productividad personal, las remuneraciones, salarios e ingresos (el papel de estado en la regulación y organización de estos recursos) y por último los convenios gremiales, son desglosados en diferentes cuadros que recogen datos desde 1999 | ||
| 650 | |a SALUD | ||
| 650 | |a SALUD PUBLICA | ||
| 650 | |a RECURSOS HUMANOS | ||
| 650 | |a RECURSOS ECONOMICOS | ||
| 650 | |a EDUCACION | ||
| 650 | |a SALUD | ||
| 650 | |a SALUD PUBLICA | ||
| 650 | |a RECURSOS HUMANOS | ||
| 650 | |a RECURSOS ECONOMICOS | ||
| 650 | |a EDUCACION | ||
| 650 | |a SALARIOS | ||
| 700 | |a ed. |a Molina, Ana |a ed. |a Rosales E., Carlos |a ed. | ||
| 710 | |a Caja Costarricense de Seguro Social. Gerencia de Modernización |a OPS. Programa de Desarrollo de Recursos Humanos | ||
| 999 | |c 5351 |d 5351 | ||
